00521nam a2200193Ia 4500003000900000008004100009040001300050040001300063041000800076100001700084245006900101250001200170260001200182260000900194300001000203490003100213490000600244600007700250IT-RoPAU120407s9999 xx 000 0 und d aIT-RoPAU cIT-RoPAU aita aRudolf Pesch aIL Vangelo di Marco . Testo greco, trad. e commento di R. Pesch. aBrescia aPaideia c1980 c23 cm aCommentario teologico N.T. v1 a"1° v. Capp. 1,1-8,26 Pag. 658 2° v. Capp. 8, 27-16,20 pag. 838 "